| 000 | 01726nam2a2200241 4500 | ||
|---|---|---|---|
| 001 | RU\NLR\BIBL_A\011561783 | ||
| 005 | 20250626093252.0 | ||
| 035 | _a(NLR Aleph) 011561783 | ||
| 090 |
_a12280129 _c12280129 |
||
| 100 | _a20060512d1870 |||y0rusy50 ca | ||
| 101 | 0 | _arus | |
| 102 | _aRU | ||
| 105 | _ay z | ||
| 200 | 0 | _a... за период времени с 1 апреля по 1 июля 1870 года | |
| 210 |
_d1870 _aБ. м. |
||
| 215 | _aРазд. паг. | ||
| 316 |
_aЯвляется частью владельческого конволюта с общ. загл.: Сборник решений Подольской палаты гражданского суда, напечатанных в Подольских губернских ведомостях ... _5NLR |
||
| 461 | 0 |
_1001v19\rc\1379844 _12001#$aСборник решений Подольской палаты гражданского суда, напечатанных в Подольских губернских ведомостях ...$v... за период времени с 1 апреля по 1 июля 1870 года _94810457 _aПодольская палата гражданского суда _cКаменец-Подольск _d1869 _nв Типографии Подольского губернского управления _tСборник решений Подольской палаты гражданского суда, напечатанных в Подольских губернских ведомостях ... _v... за период времени с 1 апреля по 1 июля 1870 года |
|
| 852 |
_aNLR _j18.35.1.391(2-2) |
||
| 942 | _cBOOK | ||
| 980 | _aNB | ||